ATLAS DE BIOLOGIA: LOS MECANISMOS DE LA VIDA (Registro nro. 222956)
[ vista simple ]
| 000 -LEADER | |
|---|---|
| campo de control de longitud fija | 00854nam a2200241Ia 4500 |
| 005 - FECHA Y HORA DE LA ÚLTIMA TRANSACCIÓN | |
| campo de control | 20250425162130.0 |
| 008 - DATOS DE LONGITUD FIJA--INFORMACIÓN GENERAL | |
| campo de control de longitud fija | 250425s9999 xx 000 0 und d |
| 020 ## - NÚMERO INTERNACIONAL ESTÁNDAR DEL LIBRO | |
| Número Internacional Estándar del Libro | 848055147 |
| 041 ## - CÓDIGO DE IDIOMA | |
| Código de lengua del texto/banda sonora o título independiente | spa |
| 082 ## - NÚMERO DE LA CLASIFICACIÓN DECIMAL DEWEY | |
| Número de clasificación | 574 |
| 010 ## - NÚMERO DE CONTROL DE LA BIBLIOTECA DEL CONGRESO | |
| Número de control de LC | 51885 |
| 100 ## - ENTRADA PRINCIPAL--NOMBRE DE PERSONA | |
| Nombre de persona | CULTURAL, S A |
| 245 #0 - MENCIÓN DEL TÍTULO | |
| Título | ATLAS DE BIOLOGIA: LOS MECANISMOS DE LA VIDA |
| 250 ## - MENCION DE EDICION | |
| Mención de edición | 1A ED. |
| 260 ## - PUBLICACIÓN, DISTRIBUCIÓN, ETC. | |
| Lugar de publicación, distribución, etc. | España |
| Nombre del editor, distribuidor, etc. | CULTURAL DE EDICIONES |
| Fecha de publicación, distribución, etc. | 1996 |
| 260 ## - PUBLICACIÓN, DISTRIBUCIÓN, ETC. | |
| Lugar de publicación, distribución, etc. | MADRID |
| 300 ## - DESCRIPCIÓN FÍSICA | |
| Extensión | 112 |
| 500 ## - NOTA GENERAL | |
| Nota general | EN CIBGZ-FIMCP D-30578 OCT.29.03 PARA ING. AGROP. |
| 520 ## - RESUMEN, ETC. | |
| Sumario, etc. | LA BIOLOGIA SE OCUPA DEL ESTUDIO DE LA VIDA BAJO TODAS SUS FORMAS, DESDE LOS MINUSCULOS SERES INVISIBLES AL HOJO HUMANO, COMO LOS VIRUS, HASTA LOS ANIMALES SUPERIORES DOTADOS DE UNA COMPLEJA ORGANIZACION CUYO CERPO ESTA ANIMADO POR LA INTERACCION DE ORGAN |
| 650 ## - PUNTO DE ACCESO ADICIONAL DE MATERIA--TÉRMINO DE MATERIA | |
| Término de materia o nombre geográfico como elemento de entrada | BIOLOGIA |
| 710 ## - ENTRADA AGREGADA--NOMBRE DE ENTIDAD CORPORATIVA | |
| Nombre de entidad corporativa o nombre de jurisdicción como elemento de entrada | CULTURAL EDICIONES |
| 942 ## - ELEMENTOS DE ENTRADA SECUNDARIOS (KOHA) | |
| Tipo de ítem Koha | Libros |
| Estatus retirado | Estado de pérdida | Estado de daño | No para préstamo | Biblioteca de origen | Biblioteca actual | Fecha de adquisición | Coste, precio normal de compra | Total de préstamos | Código de barras | Copia número |
|---|---|---|---|---|---|---|---|---|---|---|
| FACULTAD DE INGENIERIA MECANICA Y CIENCIAS DE LA PRODUCCION | FACULTAD DE INGENIERIA MECANICA Y CIENCIAS DE LA PRODUCCION | 28/01/2004 | 40.00 | D-30578 | 1 |